002010000a220007300045001000023000002450054000233000037000777730013001141 aAllien, Marilyn B.10aHaiti : Literacy breaks the shackles of servitude aNúm 29 (1991), Páginas 14-150 tTogether